Vista normal
Vista MARC
- Vivanco, Ana
Entrada Nombre de persona
Número de registros utilizados en: 12
001 - NÚMERO DE CONTROL
- campo de control: 2570
003 - IDENTIFICADOR DEL NÚMERO DE CONTROL
- campo de control: ES-MaFIAP
005 - FECHA Y HORA DE LA ÚLTIMA TRANSACCIÓN
- campo de control: 20250129172737.0
008 - DATOS DE LONGITUD FIJA
- campo de control de longitud fija: 250129|| aca||aabn | a|a d
040 ## - FUENTE DE LA CATALOGACIÓN
- Centro catalogador/agencia de origen: ES-MaFIAP
100 ## - ENCABEZAMIENTO-NOMBRE DE PERSONA
- Nombre de persona: Vivanco, Ana





